| 000 | 00628nam a22002175b 4500 | ||
|---|---|---|---|
| 003 | OSt | ||
| 005 | 20141020170423.0 | ||
| 008 | 910627s1989 sp | |||| ||spa | ||
| 020 | _a84-330-0799-8 | ||
| 040 | _cBMC | ||
| 082 | _a658.15 | ||
| 082 | _a332.068 | ||
| 100 | 1 |
_aGómez-Bezares, Fernando _95753 |
|
| 245 | 1 | 0 |
_aDirección financiera _b: teoría y aplicaciones _cFernando Gómez Bezares |
| 260 |
_aBilbao _bDesclée de Brouwer _cD.L. 1989 |
||
| 300 |
_a258 p. _bgráf. _c23 cm |
||
| 490 | 1 | _aBiblioteca de gestión | |
| 650 | 2 | 4 |
_aEmpresas _95713 _xFinanzas |
| 650 | 2 | 4 |
_aDirección financiera _96088 |
| 942 |
_2ddc _cBK |
||
| 999 |
_c14540 _d14540 |
||